| 000 | 00481nam a2200181Ia 4500 | ||
|---|---|---|---|
| 001 | 8582 | ||
| 005 | 20260306160620.0 | ||
| 008 | 260306t2017||||xx |||||||||||||| ||spa|| | ||
| 041 | _aESP | ||
| 082 |
_a371.192 _bG26 |
||
| 100 |
_aGarreta Bochaca, Jordi _eAUT |
||
| 245 | 0 |
_aFamilias y escuelas: _bdiscursos y prácticas sobre la participación en la escuela |
|
| 260 | _c2017 | ||
| 300 |
_a210 páginas : _c23 cm. |
||
| 650 | _aGEN | ||
| 654 | _aCED | ||
| 942 |
_cLIB _dJUS _fJUS _2ddc _n |
||
| 999 |
_c8582 _d8582 |
||